| 000 | 01653nam a22002897a 4500 | ||
|---|---|---|---|
| 001 | BRCA_9306 | ||
| 003 | FranzMayer | ||
| 005 | 20230809144344.0 | ||
| 008 | 230809b |||||||| |||| 00| 0 eng d | ||
| 040 |
_aMFM _bespañol _cMFM |
||
| 050 | 0 |
_aBV4506 _b.S26 1725 (LM20) |
|
| 100 | 1 |
_4Autor _aSanchez, Manuel _929003 |
|
| 240 |
_aRegla de N.S P S. Francisco _hy breve declaración de sus preceptos para su mejor observancia y facil inteligencia con una instrucción para los novicios de la religión de N Padre San Francisco, y breve explicación del canto llano con otras advertencias curiosas y necesarias. _lespañol |
||
| 245 | 0 |
_aRegla de N.S P S. Francisco _by breve declaración de sus preceptos para su mejor observancia y fácil inteligencia con una instrucción para los novicios de la religión de N Padre San Francisco, y breve explicación del canto llano con otras advertencias curiosas y necesarias. |
|
| 260 |
_aMéxico _bJoseph Bernardo de Hogal, en el Puente del Espiritu Santo _c1725 |
||
| 300 |
_a78 p. _c20 cm |
||
| 500 | _aContiene una oración suelta | ||
| 500 | _aFondo antiguo | ||
| 500 | _aEjemplar se encuentra en caja fuerte | ||
| 500 | _aLM20 | ||
| 500 | _aCon cubierta dura | ||
| 501 | _aFondo reservado: para su consulta es necesario credencial de usuario y carta motivos. | ||
| 505 | _aTexto en: españolIncluye: índice temáticoDirigido a: religiosos (cristianos), curas o cualquier persona perteneciente a la iglesia católica. | ||
| 650 | 1 |
_2Teología _aTeología práctica _vReligión práctica _929004 |
|
| 651 | 2 |
_2Vida cristiana _aTrabajos generales _vEspañol y portugués _929005 |
|
| 942 |
_2lcc _cB |
||
| 999 |
_c10927 _d10927 |
||